| 000 | 00673nam a22002530a 4500 | ||
|---|---|---|---|
| 001 | PT6 | ||
| 003 | AR-LpoUNG | ||
| 005 | 20210131232647.0 | ||
| 008 | 191001s1986||||sp |||||||||||||||||spa d | ||
| 020 |
_a8475094031 _c$22 |
||
| 040 |
_aAR-LpoUNG _bspa _cAR-LpoUNG _eaacr |
||
| 041 | _aspa | ||
| 044 | _asp | ||
| 082 | 0 | _a410 843dec | |
| 100 | 1 | _aDucrot, Oswald | |
| 245 | 1 | 3 |
_aEl decir y lo dicho : _bpolifonía de la enunciación |
| 260 |
_aBarcelona : _bPaidós, _c[1986]. |
||
| 300 |
_a241 p. : _bil. |
||
| 505 | 0 | _aColección Paidón Comunicación; 24 | |
| 650 | 4 | _aLINGÜISTICA | |
| 651 | 4 | _aDOCUMENTOS TEORICOS O METODOLOGICOS | |
| 905 | _a6 | ||
| 942 | _cLIB | ||
| 999 |
_c16817 _d16817 |
||